000 01103cam a22002773a 4500
001 27410
003 PGUSA
005 20140828083607.0
008 081204s2008||||xxu|||||s|||||000 | eng d
040 _aPGUSA
_beng
042 _adc
050 4 _aDC
100 1 _aAlison, Archibald,
_cSir,
_d1792-1867
245 1 0 _aTravels in France during the years 1814-15 :
_bComprising a residence at Paris, during the stay of the allied armies, and at Aix, at the period of the landing of Bonaparte, in two volumes.
_h[electronic resource] /
_cArchibald, Alison
260 _bProject Gutenberg,
_c2008
506 _aPublic domain in the USA.
516 _aElectronic text
653 _aFrance -- History -- 1789-1815
653 _aNapoleon I, Emperor of the French, 1769-1821 -- Elba and the Hundred Days, 1814-1815
653 _aAlison, Archibald, Sir, 1792-1867
653 _aParis (France) -- History -- Capitulation, 1814 -- Personal narratives
653 _aFrance -- Description and travel
830 0 _aProject Gutenberg
_v27410
856 4 0 _uhttp://www.gutenberg.org/ebooks/27410
942 _cEB
999 _c256665
_d256665